| 000 | 00436nam a2200181Ia 4500 | ||
|---|---|---|---|
| 001 | 9960 | ||
| 005 | 20260306161756.0 | ||
| 008 | 260306t2019||||xx |||||||||||||| ||spa|| | ||
| 041 | _aESP | ||
| 082 |
_a869.56 _bC24R |
||
| 100 |
_aCampos Dávila, José "Cheche", _eAUT |
||
| 245 | 0 | _aReconciliándome con la vida | |
| 260 | _c2019 | ||
| 300 |
_a117 páginas : _c21 cm. |
||
| 650 | _aGEN | ||
| 654 | _aCHU | ||
| 942 |
_cLIB _dJUS _fJUS _2ddc _n |
||
| 999 |
_c9960 _d9960 |
||